[Event "Paracin op 01"]
[Site "Paracin"]
[Date "2022.01.17"]
[Round "1"]
[White "Colic, Milos"]
[Black "Dimitrov, Dejan"]
[Result "0-1"]
[WhiteElo "1689"]
[BlackElo "2081"]
[PlyCount "82"]
[EventDate "2022.01.17"]
[EventType "swiss"]
[EventRounds "9"]
[EventCountry "SRB"]
[SourceTitle "CBM 206 Extra"]
[Source "ChessBase"]
[SourceDate "2022.03.31"]
[SourceVersion "1"]
[SourceVersionDate "2022.03.31"]
[SourceQuality "1"]

1. e4 c5 2. Nf3 g6 3. d4 cxd4 4. Qxd4 Nf6 5. e5 Nc6 6. Qa4 Nd5 7. Bc4 Nc7 8. Bf4 b5 9. Bxb5 Nxb5 10. Qxb5 Rb8 11. Qd3 Rxb2 12. e6 f6 13. exd7+ Qxd7 14. Qxd7+ Bxd7 15. c3 e5 16. Be3 Be7 17. 0-0 0-0 18. Rd1 Be6 19. a4 Rfb8 20. Nbd2 Kg7 21. Ne1 f5 22. Nd3 Rc2 23. Rdc1 Rxc1+ 24. Rxc1 Rd8 25. Nxe5 Nxe5 26. Bd4 Bf6 27. Re1 Bf7 28. Rxe5 Bxe5 29. Bxe5+ Kf8 30. Bd4 a5 31. Kf1 Rb8 32. Ke2 Rb2 33. Kd3 Ra2 34. Nf3 Rxa4 35. c4 Bxc4+ 36. Kc3 Bd5 37. Ne5 Bxg2 38. Nd7+ Ke7 39. Nb6 Ra3+ 40. Kb2 Rh3 41. Nc4 a4 0-1

[Event "Pardubice Czech Tintera op 30th"]
[Site "Pardubice"]
[Date "2019.07.23"]
[Round "5"]
[White "Jiruse, Josef"]
[Black "Dimitrov, Dejan"]
[Result "0-1"]
[WhiteElo "1975"]
[BlackElo "2191"]
[PlyCount "84"]
[EventDate "2019.07.19"]
[EventType "swiss"]
[EventRounds "9"]
[EventCountry "CZE"]
[SourceTitle "EXT 2020"]
[Source "ChessBase"]
[SourceDate "2019.10.17"]
[SourceVersion "1"]
[SourceVersionDate "2019.10.17"]
[SourceQuality "1"]

1. e4 c5 2. Nc3 Nc6 3. f4 e6 4. Nf3 a6 5. a4 Nge7 6. d3 d5 7. g3 b6 8. Bg2 dxe4 9. Nxe4 Bb7 10. 0-0 Qc7 11. Kh1 h5 12. Bd2 Nf5 13. Re1 h4 14. g4 h3 15. Bxh3 Rxh3 16. gxf5 0-0-0 17. Nfg5 Rh6 18. fxe6 f5 19. Nf7 Rxe6 20. Nxd8 Nxd8 21. Kg1 Rg6+ 22. Kf1 fxe4 23. dxe4 Qd7 24. Ra3 Rd6 25. Rd3 Rxd3 26. cxd3 Qxd3+ 27. Qe2 Bxe4 28. Qxd3 Bxd3+ 29. Kf2 Kd7 30. Bc3 c4 31. Bd4 b5 32. axb5 axb5 33. Ra1 Nc6 34. Ke3 g6 35. Bh8 Bc5+ 36. Kd2 Nd4 37. Bxd4 Bxd4 38. Ra5 Kc6 39. b3 Kb6 40. Ra8 Be4 41. Rb8+ Kc7 42. Re8 c3+ 0-1

[Event "Pardubice Czech Tintera op 30th"]
[Site "Pardubice"]
[Date "2019.07.19"]
[Round "1"]
[White "Hajsman, Martin"]
[Black "Dimitrov, Dejan"]
[Result "0-1"]
[WhiteElo "1661"]
[BlackElo "2191"]
[PlyCount "32"]
[EventDate "2019.07.19"]
[EventType "swiss"]
[EventRounds "9"]
[EventCountry "CZE"]
[SourceTitle "EXT 2020"]
[Source "ChessBase"]
[SourceDate "2019.10.17"]
[SourceVersion "1"]
[SourceVersionDate "2019.10.17"]
[SourceQuality "1"]

1. c4 b6 2. Nc3 Bb7 3. e4 c5 4. Nf3 e6 5. d4 cxd4 6. Nxd4 a6 7. Bd3 Qc7 8. 0-0 Nf6 9. h3 Be7 10. Be3 d6 11. Qd2 Nbd7 12. f4 Nc5 13. Qc2 0-0 14. Rad1 Nxd3 15. Qxd3 Rac8 16. b3 b5 0-1

[Event "Varna U2200 op"]
[Site "Varna"]
[Date "2019.07.09"]
[Round "7"]
[White "Stoyanov, Daniel"]
[Black "Dimitrov, Dejan"]
[Result "1/2-1/2"]
[WhiteElo "1732"]
[BlackElo "2191"]
[PlyCount "133"]
[EventDate "2019.07.02"]
[EventType "swiss"]
[EventRounds "7"]
[EventCountry "BUL"]
[SourceTitle "EXT 2020"]
[Source "ChessBase"]
[SourceDate "2019.10.17"]
[SourceVersion "1"]
[SourceVersionDate "2019.10.17"]
[SourceQuality "1"]

1. d4 c5 2. d5 e5 3. e4 d6 4. Nc3 Be7 5. Bd3 Bg5 6. Bxg5 Qxg5 7. Nf3 Qe7 8. Nd2 Nf6 9. h3 0-0 10. 0-0 a6 11. a4 b6 12. Qe2 Nbd7 13. Nc4 Ne8 14. Ra3 g6 15. Rb3 Rb8 16. Ne3 Ra8 17. Nc4 Rb8 18. Ne3 Nc7 19. g3 Nf6 20. Kg2 b5 21. axb5 axb5 22. Nxb5 Nxb5 23. Rxb5 Rxb5 24. Bxb5 Nxe4 25. Nc4 Nf6 26. Nb6 Qb7 27. Nxc8 Qxd5+ 28. Kh2 Rxc8 29. Rd1 Qe6 30. c4 h5 31. Qd3 Rd8 32. Bc6 e4 33. Qc3 Nh7 34. h4 Nf6 35. Kg2 Ng4 36. Re1 Qf5 37. Qc2 Rb8 38. Bxe4 Qf6 39. Re2 Ne5 40. Bd5 Rb4 41. Qc3 Kg7 42. Qc2 Ng4 43. b3 Nh6 44. Be4 Ng4 45. Rd2 Rb6 46. Bd5 Rb8 47. Re2 Ne5 48. Qd1 Rb6 49. Rd2 Qf5 50. Ba8 Ra6 51. Bb7 Rb6 52. Ba8 Ng4 53. Bf3 Ne5 54. Ba8 Qc8 55. Be4 Qb8 56. Bc2 Qd8 57. Rd5 Qf6 58. Be4 Ng4 59. Bf3 Ne5 60. Be4 Ra6 61. Rd2 Ng4 62. Qc2 Ra1 63. Re2 Ra3 64. Rd2 Ra6 65. Re2 Qa1 66. Rd2 Qf6 67. Qd1 1/2-1/2

[Event "Teteven op 32nd"]
[Site "Teteven"]
[Date "2018.08.17"]
[Round "7"]
[White "Shentov, Petar Delian"]
[Black "Dimitrov, Dejan"]
[Result "1-0"]
[WhiteElo "1937"]
[BlackElo "2147"]
[PlyCount "113"]
[EventDate "2018.08.11"]
[EventType "swiss"]
[EventRounds "9"]
[EventCountry "BUL"]
[SourceTitle "CBM 186 Extra"]
[Source "ChessBase"]
[SourceDate "2018.08.24"]
[SourceVersion "1"]
[SourceVersionDate "2018.08.24"]
[SourceQuality "1"]

1. d4 e6 2. Nf3 b6 3. c3 Bb7 4. Bf4 Ne7 5. Nbd2 Ng6 6. Bg3 f5 7. e3 Be7 8. Nc4 0-0 9. Nce5 Nh8 10. Bc4 Qc8 11. Bh4 Bxh4 12. Nxh4 Ba6 13. Bxa6 Nxa6 14. Qa4 d6 15. Nd3 c5 16. Nf3 Qb7 17. 0-0 Nc7 18. Qb3 Qc6 19. c4 Nf7 20. Qc3 Rac8 21. Rac1 Qd7 22. Qa3 Rfe8 23. Rfd1 Qc6 24. Qc3 Qb7 25. dxc5 bxc5 26. Nf4 Rb8 27. b3 e5 28. Nd5 Nxd5 29. Rxd5 Re6 30. e4 f4 31. Rcd1 g5 32. h4 g4 33. Ng5 Nxg5 34. hxg5 Qe7 35. Qd3 Rb6 36. a3 Qxg5 37. b4 Rh6 38. bxc5 Qh4 39. Kf1 Qh1+ 40. Ke2 Rb2+ 41. Rd2 Rb1 42. Rd1 Rxd1 43. Qxd1 Qxg2 44. Qb3 Qxe4+ 45. Kd2 Rf6 46. cxd6 f3 47. d7 Qe2+ 48. Kc1 Rf8 49. d8Q Rxd8 50. Rxd8+ Kf7 51. Qb7+ Kf6 52. Rd6+ Kg5 53. Qg7+ Kf4 54. Qh6+ Ke4 55. Qxh7+ Kf4 56. Rf6+ Kg5 57. Qh6# 1-0

[Event "Pardubice Czech op-C 29th"]
[Site "Pardubice"]
[Date "2018.07.23"]
[Round "3"]
[White "Dimitrov, Dejan"]
[Black "Bennett, Eric"]
[Result "1-0"]
[WhiteElo "2096"]
[BlackElo "1844"]
[PlyCount "111"]
[EventDate "2018.07.21"]
[EventType "swiss"]
[EventRounds "9"]
[EventCountry "CZE"]
[SourceTitle "CBM 186 Extra"]
[Source "ChessBase"]
[SourceDate "2018.08.24"]
[SourceVersion "1"]
[SourceVersionDate "2018.08.24"]
[SourceQuality "1"]

1. Nf3 d5 2. d4 e6 3. c4 c6 4. Qc2 Nf6 5. Nbd2 Nbd7 6. g3 Bd6 7. Bg2 0-0 8. 0-0 Re8 9. Rd1 a6 10. e4 dxe4 11. Nxe4 Nxe4 12. Qxe4 Nf6 13. Qe2 Qc7 14. c5 Bf8 15. Bf4 Qe7 16. Bd6 Qd8 17. Bxf8 Kxf8 18. Ne5 Rb8 19. Qf3 Bd7 20. g4 Re7 21. g5 Ne8 22. g6 hxg6 23. Nxg6+ Kg8 24. Nxe7+ Qxe7 25. Rd3 Rd8 26. Qf4 Bc8 27. Re1 Nf6 28. Rh3 Nd5 29. Qe5 f6 30. Qh5 Nf4 31. Qh7+ Kf8 32. Rg3 g5 33. Qh8+ Kf7 34. Qh7+ Kf8 35. Qe4 Kf7 36. Qh7+ Kf8 37. Qxe7+ Kxe7 38. h4 Rg8 39. hxg5 fxg5 40. Re4 Nh5 41. Rh3 Nf6 42. Re5 g4 43. Rd3 Nd7 44. Rh5 Nf6 45. Rh6 Rd8 46. Bf1 Kf7 47. Be2 Rd5 48. Rh8 Ng8 49. Rh7+ Kg6 50. Rc7 Rd8 51. Bxg4 Nf6 52. Bh3 Nd5 53. Rg3+ Kf6 54. Rh7 Nb4 55. Rh6+ Kf7 56. Rh4 1-0

[Event "Pardubice op rapid 29th"]
[Site "Pardubice"]
[Date "2018.07.19"]
[Round "8"]
[White "Illetsko, Jaroslav"]
[Black "Dimitrov, Dejan"]
[Result "1/2-1/2"]
[WhiteElo "2177"]
[BlackElo "2096"]
[PlyCount "133"]
[EventDate "2018.07.18"]
[EventType "swiss (rapid)"]
[EventRounds "9"]
[EventCountry "CZE"]
[SourceTitle "CBM 185 Extra"]
[Source "ChessBase"]
[SourceDate "2018.07.29"]
[SourceVersion "1"]
[SourceVersionDate "2018.07.29"]
[SourceQuality "1"]

1. e4 c5 2. Nf3 Nc6 3. Bb5 Na5 4. Be2 e6 5. Nc3 a6 6. d4 cxd4 7. Nxd4 Qc7 8. 0-0 Nf6 9. Qd3 b5 10. a3 Bb7 11. Bf3 Nc4 12. Qe2 Ne5 13. Bf4 Nxf3+ 14. Qxf3 e5 15. Bg3 d6 16. Nb3 Be7 17. Qe2 0-0 18. f3 Rac8 19. Rfd1 Qc4 20. Qxc4 bxc4 21. Nd2 Rc7 22. Nf1 Rb8 23. Ne3 Ba8 24. Bh4 Rxb2 25. Bxf6 Bxf6 26. Rxd6 Bg5 27. Ncd1 c3 28. Rxa6 Rc8 29. Rd6 Bb7 30. Kf2 Be7 31. Rd3 Bc5 32. Rxc3 Bxe3+ 33. Kxe3 Rxc3+ 34. Nxc3 Rxc2 35. Nd5 g6 36. f4 exf4+ 37. Nxf4 Rc4 38. Nd5 f5 39. Kd3 Ra4 40. Nf6+ Kf7 41. e5 Bxg2 42. Nxh7 Ke6 43. Ng5+ Kxe5 44. Ke3 f4+ 45. Kf2 Bd5 46. Nf3+ Kf5 47. h3 Rc4 48. Ne1 Rc3 49. a4 Rxh3 50. a5 Rh2+ 51. Kg1 Rh1+ 52. Kf2 g5 53. a6 g4 54. Ra5 Ke4 55. Ra4+ Kf5 56. Ra5 Ke6 57. a7 g3+ 58. Ke2 Rh8 59. Ra6+ Kf5 60. Ra5 Ke4 61. Ra4+ Ke5 62. Nd3+ Kd6 63. Nxf4 Re8+ 64. Kd2 Rf8 65. Nxd5 g2 66. Ra1 Kxd5 67. Rg1 1/2-1/2

[Event "Pardubice op rapid 29th"]
[Site "Pardubice"]
[Date "2018.07.18"]
[Round "1"]
[White "Hasangatin, Ramil"]
[Black "Dimitrov, Dejan"]
[Result "1-0"]
[WhiteElo "2497"]
[BlackElo "2096"]
[PlyCount "83"]
[EventDate "2018.07.18"]
[EventType "swiss (rapid)"]
[EventRounds "9"]
[EventCountry "CZE"]
[SourceTitle "CBM 185 Extra"]
[Source "ChessBase"]
[SourceDate "2018.07.29"]
[SourceVersion "1"]
[SourceVersionDate "2018.07.29"]
[SourceQuality "1"]

1. e4 d5 2. exd5 Qxd5 3. Nf3 Nf6 4. d4 Bg4 5. Be2 e6 6. h3 Bh5 7. c4 Qd8 8. Qb3 Qc8 9. Nc3 Be7 10. Be3 0-0 11. g4 Bg6 12. Ne5 Nbd7 13. h4 c5 14. h5 cxd4 15. Bxd4 Nxe5 16. Bxe5 Qc6 17. 0-0 Be4 18. Nxe4 Qxe4 19. Qe3 Qxe3 20. fxe3 Nd7 21. Bd4 e5 22. Bc3 Bc5 23. Kf2 f5 24. gxf5 Rxf5+ 25. Kg2 Rg5+ 26. Kh3 Bxe3 27. h6 Bd4 28. Bxd4 exd4 29. Bf3 Rb8 30. Bd5+ Kh8 31. hxg7+ Rxg7 32. Rad1 Re8 33. Rxd4 h6 34. b3 Re3+ 35. Rf3 Re5 36. Bxb7 Rh5+ 37. Rh4 Rxh4+ 38. Kxh4 Ne5 39. Rf8+ Kh7 40. Be4+ Ng6+ 41. Kh5 a6 42. Rf6 1-0

[Event "Pardubice op rapid 29th"]
[Site "Pardubice"]
[Date "2018.07.18"]
[Round "3"]
[White "Westerinen, Heikki MJ"]
[Black "Dimitrov, Dejan"]
[Result "1/2-1/2"]
[WhiteElo "2310"]
[BlackElo "2096"]
[PlyCount "95"]
[EventDate "2018.07.18"]
[EventType "swiss (rapid)"]
[EventRounds "9"]
[EventCountry "CZE"]
[SourceTitle "CBM 185 Extra"]
[Source "ChessBase"]
[SourceDate "2018.07.29"]
[SourceVersion "1"]
[SourceVersionDate "2018.07.29"]
[SourceQuality "1"]

1. e4 d5 2. exd5 Qxd5 3. Nc3 Qd6 4. Nf3 Nf6 5. g3 g6 6. Bg2 Bg7 7. 0-0 0-0 8. d4 c6 9. Re1 Bf5 10. Bf4 Qd8 11. Qd2 Nd5 12. Bh6 Nd7 13. Bxg7 Kxg7 14. Ne4 N7f6 15. Nxf6 Nxf6 16. c3 Be4 17. Qf4 Bd5 18. b3 Re8 19. c4 Bxf3 20. Bxf3 Qd6 21. Re5 Nd7 22. Re4 Qxf4 23. Rxf4 e5 24. dxe5 Nxe5 25. Be2 Rad8 26. Re4 Nd7 27. Rxe8 Rxe8 28. Kf1 a5 29. f4 Nc5 30. Bf3 Re3 31. Bg2 Kf6 32. Rd1 Rd3 33. Re1 Rd2 34. Re5 b6 35. Bxc6 Rxa2 36. h4 Nxb3 37. Bd5 Nc5 38. g4 Nd3 39. g5+ Kg7 40. Re7 Rf2+ 41. Kg1 Rxf4 42. Rb7 Ne5 43. Rxb6 Nxc4 44. Rf6 Rxf6 45. gxf6+ Kxf6 46. Bxc4 g5 47. hxg5+ Kxg5 48. Bxf7 1/2-1/2

[Event "BUL-ch 82nd"]
[Site "Kozloduy"]
[Date "2018.03.09"]
[Round "7"]
[White "Petrov, Martin"]
[Black "Dimitrov, Dejan"]
[Result "1-0"]
[WhiteElo "2439"]
[BlackElo "2126"]
[PlyCount "67"]
[EventDate "2018.03.03"]
[EventType "tourn"]
[EventRounds "9"]
[EventCountry "BUL"]
[EventCategory "6"]
[SourceTitle "CBM 183 Extra"]
[Source "ChessBase"]
[SourceDate "2018.04.19"]
[SourceVersion "1"]
[SourceVersionDate "2018.04.19"]
[SourceQuality "1"]

1. e4 c5 2. Nf3 e6 3. d4 cxd4 4. Nxd4 a6 5. c4 Ne7 6. Nc3 Nbc6 7. Be3 d6 8. Nc2 Ng6 9. Be2 Be7 10. 0-0 Rb8 11. f4 0-0 12. Qe1 Bd7 13. Rd1 Qc7 14. f5 Nge5 15. Qg3 Kh8 16. Kh1 b6 17. Bg5 Bxg5 18. Qxg5 Na5 19. f6 Rg8 20. Ne3 gxf6 21. Qxf6+ Rg7 22. Rf4 Ng6 23. Rg4 Qc5 24. Rg3 Nb7 25. Ng4 Be8 26. a3 Kg8 27. Rf1 Nd8 28. b4 Qc7 29. h4 h5 30. Nh6+ Kh7 31. Rg5 Qe7 32. Qf2 Nxh4 33. Rxh5 Rxg2 34. Nf5+ 1-0

[Event "BUL-ch 82nd"]
[Site "Kozloduy"]
[Date "2018.03.04"]
[Round "2"]
[White "Dimitrov, Dejan"]
[Black "Cheparinov, Ivan"]
[Result "0-1"]
[WhiteElo "2126"]
[BlackElo "2693"]
[PlyCount "102"]
[EventDate "2018.03.03"]
[EventType "tourn"]
[EventRounds "9"]
[EventCountry "BUL"]
[EventCategory "6"]
[SourceTitle "CBM 183 Extra"]
[Source "ChessBase"]
[SourceDate "2018.04.19"]
[SourceVersion "1"]
[SourceVersionDate "2018.04.19"]
[SourceQuality "1"]

1. d4 f5 2. Bf4 Nf6 3. e3 b6 4. Nf3 Bb7 5. h3 e6 6. Be2 Be7 7. 0-0 0-0 8. c4 Ne4 9. Nfd2 Ng5 10. Bxg5 Bxg5 11. Bf3 d5 12. Nc3 a5 13. cxd5 exd5 14. Nc4 c6 15. Ne5 b5 16. Ne2 Qd6 17. Rc1 Bf6 18. Nd3 Nd7 19. Nc5 Nxc5 20. Rxc5 Bd8 21. Nf4 Bb6 22. Rc2 Bc7 23. h4 Rf7 24. g3 g6 25. Kg2 Re8 26. Qd2 h6 27. Nd3 Rfe7 28. Re1 g5 29. hxg5 hxg5 30. Bh5 Rf8 31. Ne5 Rh7 32. Rh1 Qf6 33. f4 Bxe5 34. fxe5 Qh8 35. Qd1 g4 36. Bg6 Rxh1 37. Qxh1 Qxh1+ 38. Kxh1 Kg7 39. Bh5 Rh8 40. Rh2 c5 41. e6 Kf6 42. Bf7 Rxh2+ 43. Kxh2 c4 44. Be8 b4 45. Bd7 c3 46. bxc3 bxc3 47. e7 Kxe7 48. Bxf5 Kf6 49. Bc2 Bc8 50. e4 dxe4 51. Kg2 e3 0-1

[Event "BUL-ch sf 80th"]
[Site "Plovdiv"]
[Date "2016.02.10"]
[Round "3"]
[White "Dimitrov, Dejan"]
[Black "Merdzhanov, Vladko"]
[Result "0-1"]
[WhiteElo "2020"]
[BlackElo "1574"]
[PlyCount "58"]
[EventDate "2016.02.08"]
[EventType "swiss"]
[EventRounds "9"]
[EventCountry "BUL"]
[SourceTitle "CBM 170 Extra"]
[Source "ChessBase"]
[SourceDate "2016.02.25"]
[SourceVersion "1"]
[SourceVersionDate "2016.02.25"]
[SourceQuality "1"]

1. e4 c5 2. Nf3 d6 3. d4 cxd4 4. Nxd4 Nf6 5. Nc3 a6 6. Be3 e6 7. Be2 Be7 8. a4 b6 9. f4 Bb7 10. Bf3 Nbd7 11. 0-0 Nc5 12. e5 dxe5 13. fxe5 Nd5 14. Nxd5 Bxd5 15. c3 0-0 16. Bxd5 Qxd5 17. Qg4 Qxe5 18. Bf4 Qe4 19. Rae1 Qg6 20. Qd1 Nd3 21. Re2 Nxf4 22. Rxf4 Bc5 23. Kh1 Rad8 24. b4 Bxd4 25. cxd4 Rd5 26. Qb3 Rfd8 27. Qb2 e5 28. Rfe4 f6 29. dxe5 Qxe4 0-1

[Event "Varna op-B 9th"]
[Site "Varna"]
[Date "2015.07.03"]
[Round "8"]
[White "Dimitrov, Dejan"]
[Black "Kazakov, Danail"]
[Result "1-0"]
[WhiteElo "1970"]
[BlackElo "1866"]
[PlyCount "113"]
[EventDate "2015.06.26"]
[EventType "swiss"]
[EventRounds "9"]
[EventCountry "BUL"]
[SourceTitle "EXT 2016"]
[Source "ChessBase"]
[SourceDate "2015.10.08"]
[SourceVersion "1"]
[SourceVersionDate "2015.10.08"]
[SourceQuality "1"]

1. e4 c6 2. d3 d5 3. Nd2 g6 4. Ngf3 Bg7 5. g3 Nf6 6. Bg2 Qa5 7. e5 Nfd7 8. Qe2 e6 9. 0-0 c5 10. c4 d4 11. Ne4 0-0 12. Nd6 Nc6 13. Bf4 Qb6 14. h4 Ne7 15. h5 Nf5 16. Nxc8 Raxc8 17. hxg6 hxg6 18. Bg5 Rfe8 19. Rfe1 Qc7 20. Qe4 Rb8 21. Bf4 Qb6 22. Rab1 Ne7 23. Nh2 Nc6 24. Ng4 Qd8 25. Nf6+ Bxf6 26. exf6 Nxf6 27. Qf3 e5 28. Bg5 Kg7 29. a3 Qd6 30. b4 cxb4 31. c5 Qe7 32. axb4 a6 33. Bh3 Nd8 34. Kg2 Rh8 35. Rxe5 Qxe5 36. Bf4 Qd5 37. Qxd5 Nxd5 38. Be5+ f6 39. Bxb8 Nc6 40. Bd6 Ndxb4 41. Bd7 a5 42. g4 Kf7 43. Bc7 Nxd3 44. Rxb7 Nxc5 45. Bxc6 Nxb7 46. Bxb7 a4 47. Bd5+ Kg7 48. Bb6 a3 49. g5 d3 50. gxf6+ Kh6 51. f7 d2 52. Be3+ Kg7 53. Bxd2 Rb8 54. Bc3+ Kf8 55. Bd4 Ke7 56. Bc5+ Kf6 57. f8Q+ 1-0

[Event "Albena op-B"]
[Site "Albena"]
[Date "2015.06.24"]
[Round "8"]
[White "Dimitrov, Dejan"]
[Black "Mackowiak, Marek"]
[Result "1-0"]
[WhiteElo "1970"]
[BlackElo "2163"]
[PlyCount "101"]
[EventDate "2015.06.17"]
[EventType "swiss"]
[EventRounds "9"]
[EventCountry "BUL"]
[SourceTitle "CBM 167 Extra"]
[Source "ChessBase"]
[SourceDate "2015.09.14"]
[SourceVersion "1"]
[SourceVersionDate "2015.09.14"]
[SourceQuality "1"]

1. d4 d5 2. Nf3 Nf6 3. c4 c6 4. Qc2 g6 5. Bf4 Bf5 6. Qb3 Qb6 7. e3 Bg7 8. c5 Qxb3 9. axb3 0-0 10. b4 Nbd7 11. h3 Rfe8 12. Nbd2 Ne4 13. g4 Nxd2 14. Nxd2 e5 15. dxe5 Be4 16. f3 Bc2 17. Rc1 Ba4 18. b3 Bb5 19. Bxb5 cxb5 20. Kf2 Nxe5 21. Bxe5 Rxe5 22. Rhd1 Rae8 23. Nf1 Bh6 24. Rc3 Bg7 25. Rcd3 R5e7 26. h4 Bb2 27. Rxd5 Bc3 28. Ng3 Bxb4 29. Ne4 Rc8 30. Rd8+ Rxd8 31. Rxd8+ Kg7 32. g5 Re6 33. Nf6 Rxf6 34. gxf6+ Kxf6 35. Rd7 Bxc5 36. Rxb7 Bb6 37. f4 h5 38. Kf3 Ke6 39. e4 Kf6 40. Rd7 Ke6 41. Rd5 a6 42. f5+ Ke7 43. Kf4 Bf2 44. fxg6 fxg6 45. Kg5 Kf7 46. Rd3 Be1 47. Rd6 a5 48. Rf6+ Kg7 49. Rxg6+ Kh7 50. Ra6 Bd2+ 51. Kxh5 1-0

[Event "Albena op-B"]
[Site "Albena"]
[Date "2015.06.18"]
[Round "2"]
[White "Dimitrov, Dejan"]
[Black "Kaboodi, Behrang"]
[Result "1-0"]
[WhiteElo "1970"]
[BlackElo "2116"]
[PlyCount "23"]
[EventDate "2015.06.17"]
[EventType "swiss"]
[EventRounds "9"]
[EventCountry "BUL"]
[SourceTitle "CBM 167 Extra"]
[Source "ChessBase"]
[SourceDate "2015.09.14"]
[SourceVersion "1"]
[SourceVersionDate "2015.09.14"]
[SourceQuality "1"]

1. d4 f5 2. Nc3 d5 3. Bg5 h6 4. Bf4 Nf6 5. e3 e6 6. Bd3 Bd6 7. Nge2 Nc6 8. 0-0 0-0 9. Nb5 e5 10. dxe5 Bxe5 11. Nbd4 Ne4 12. Nxc6 1-0